Chemistry for changing times / (Record no. 183326)
[ view plain ]
| 000 -LEADER | |
|---|---|
| fixed length control field | 01775 a2200217 4500 |
| 003 - CONTROL NUMBER IDENTIFIER | |
| control field | NUST |
| 005 - DATE AND TIME OF LATEST TRANSACTION | |
| control field | 20230712103613.0 |
| 010 ## - LIBRARY OF CONGRESS CONTROL NUMBER | |
| LC control number | 91002484 |
| 020 ## - INTERNATIONAL STANDARD BOOK NUMBER | |
| International Standard Book Number | 0023548800 |
| 040 ## - CATALOGING SOURCE | |
| Transcribing agency | Nust |
| 082 00 - DEWEY DECIMAL CLASSIFICATION NUMBER | |
| Classification number | 540,HIL |
| 100 1# - MAIN ENTRY--PERSONAL NAME | |
| Personal name | Hill, John William, |
| 9 (RLIN) | 99704 |
| 245 10 - TITLE STATEMENT | |
| Title | Chemistry for changing times / |
| Statement of responsibility, etc. | John W. Hill. |
| 250 ## - EDITION STATEMENT | |
| Edition statement | 4rt ed. / |
| 260 ## - PUBLICATION, DISTRIBUTION, ETC. | |
| Place of publication, distribution, etc. | New York : |
| Name of publisher, distributor, etc. | Library of Congress |
| Date of publication, distribution, etc. | c1984. |
| 300 ## - PHYSICAL DESCRIPTION | |
| Extent | xi, 558p; |
| Other physical details | col. ill. ; |
| Dimensions | 26 cm. |
| 505 ## - FORMATTED CONTENTS NOTE | |
| Formatted contents note | Chemistry: A Science for all Seasons (Page-1), Atoms: Are They for Real (Page-26), A tomic Structure: Images of the Ivisible (Page-39), Nuclear Chemistry : The Heart of Matter (page-60), Chemical Bonds: The Ties That Bind (Page-88), Names, Formulas, and Equations The Language of Chemistory (Page-107), Acids and Bases: Please pass the Protons (Page-127), Oxidation and Reduction: Burn and Unburn (Page-140), Chemistory of the Earth: Metalas and Minerals (Page-156), Organic Chemistory: The Hydrocarbons(Page-172), Organic Chemistry : Some Hors d'Oeuvres (Page-184), Polymers: Giants among Molecules (Page-203), Energy: A Fuels Paradise (Page-226), Enwergy: Future Altrnatives (Page-249), Air: Breath of Life ... Or Death (Page-269), Water: To Drink and to Dump Out Wastes (Page-296), Farm Chemistry: Food For a Hungry World (Page-3200, Food: Those Incredible Edible Chemicals (Page-347), Food Additives: Bane or Blessing? (Page-377), Household Chemicals: Helps and Hazard (Page-396), Cosmetics: The Chemistry of Charm (Page-414), Chemotherapy: From Colds to Cancer (Page-429), Drugs: Chemistry and the Human mind (Page-459), Sports: The Chemical Connectuion (Page-488), Chemical Toxicology: Hemlock, Anyone? (Page-502),. |
| 650 #0 - SUBJECT ADDED ENTRY--TOPICAL TERM | |
| Topical term or geographic name entry element | Chemistry. |
| 700 1# - ADDED ENTRY--PERSONAL NAME | |
| Personal name | Hill, Cynthia S. |
| 9 (RLIN) | 99705 |
| 942 ## - ADDED ENTRY ELEMENTS (KOHA) | |
| Source of classification or shelving scheme | |
| Koha item type | Book |
| Call number prefix | 540,HIL |
| Withdrawn status | Lost status | Source of classification or shelving scheme | Damaged status | Not for loan | Permanent Location | Current Location | Shelving location | Date acquired | Full call number | Barcode | Date last seen | Price effective from | Koha item type | Public note |
|---|---|---|---|---|---|---|---|---|---|---|---|---|---|---|
| Military College of Signals (MCS) | Military College of Signals (MCS) | General Stacks | 12/12/2016 | 540,HIL | MCS6384 | 12/08/2016 | 12/12/2016 | Book | Almirah No.77, Shelf No.4 | |||||
| Military College of Signals (MCS) | Military College of Signals (MCS) | General Stacks | 07/13/2023 | 540,HIL | MCS6442 | 07/13/2023 | 07/13/2023 | Book | Almirah No.77, Shelf No.4 |
